| 000 | 00462nam a22001937a 4500 | ||
|---|---|---|---|
| 005 | 20230925125032.0 | ||
| 008 | 230911b |||||||| |||| 00| 0 eng d | ||
| 020 | _a9789332500303 | ||
| 082 |
_a005.43 _bHAL-O |
||
| 100 | _aHaldar,Sibsankar | ||
| 245 | _aOperating Systems | ||
| 250 | _a2nd.ed | ||
| 260 |
_aIndia _bPearson Publishing _c2014 |
||
| 300 | _a801 | ||
| 500 | _aInclude Index | ||
| 650 | _aComputer | ||
| 700 | _aSibsankar Haldar | ||
| 999 |
_c33501 _d33501 |
||